000 00390nam a2200169Ia 4500
005 20251020182609.0
008 200515s9999 xx 000 0 und d
082 _aSC/621.876/I59/FIE
110 _aInce
245 0 _aPrograma FIE Manual operador de montacargas
260 _aCaracas
260 _c19??
300 _as.n.
650 _aMONTACARGAS
650 _aPUB INCE
942 _cLIB
999 _c3293
_d3293